| 000 | 00628nam a2200193 a 4500 | ||
|---|---|---|---|
| 001 | 4958 | ||
| 003 | CDMR | ||
| 005 | 20151016124801.0 | ||
| 008 | 130130s1991||||||||||||||||||||||||||||d | ||
| 020 | _a843931664X | ||
| 040 |
_aCDMR _bcat _cCDMR |
||
| 245 | 0 | 0 |
_aJosep Pla _b: escriptor i periodista |
| 260 |
_aBarcelona _bEntitat Autònoma del Diari Oficial i de Publicacions |
||
| 260 |
_c1991 _bInstitut de les Lletres Catalanes |
||
| 500 | _aCatàleg de l'exposició organitzada pel Col·legi de Periodistes de Catalunya | ||
| 600 | 1 |
_9827 _aPla, Josep |
|
| 710 | 2 |
_9133 _aCol·legi de Periodistes de Catalunya |
|
| 942 |
_cMON _2udc |
||
| 999 |
_c4958 _d4958 |
||